Bóng nước Hồ Gươm

محفوظ في:
التفاصيل البيبلوغرافية
المؤلف الرئيسي: Chu Thiên
التنسيق: كتاب
اللغة:Undetermined
منشور في: Hà Nội Văn học 1970
الموضوعات:
الوسوم: إضافة وسم
لا توجد وسوم, كن أول من يضع وسما على هذه التسجيلة!
Thư viện lưu trữ: Trung tâm Học liệu Trường Đại học Cần Thơ
LEADER 00495nam a2200181Ia 4500
001 CTU_8991
008 210402s9999 xx 000 0 und d
082 |a 809.3081 
082 |b Ch500/T.1 
100 |a Chu Thiên 
245 0 |a Bóng nước Hồ Gươm 
245 0 |c Chu Thiên 
260 |a Hà Nội 
260 |b Văn học 
260 |c 1970 
650 |a Historical fiction, vietnamese 
904 |i Qhieu sửa 
980 |a Trung tâm Học liệu Trường Đại học Cần Thơ